[Event "ROU-chT 1st League 2019"]
[Site "Mamaia"]
[Date "2019.09.26"]
[Round "6.26"]
[White "Florescu, Codrut-Constantin"]
[Black "Aczel, Gergely"]
[Result "0-1"]
[WhiteElo "2286"]
[BlackElo "2530"]
[Annotator "ChessBase"]
[PlyCount "104"]
[EventDate "2019.09.21"]
[EventType "team-tourn"]
[EventCountry "ROU"]
[SourceTitle "playchess.com"]
[Source "ChessBase"]
[SourceQuality "1"]
[TimeControl "40/5400+30:1800+30"]

1. d4 {[%emt 0:00:00]} f5 {[%emt 0:00:00]} 2. Nf3 {[%emt 0:00:20]} Nf6 {[%emt 0:00:00]} 3. c3 {[%emt 0:02:34]} e6 {[%emt 0:00:02]} 4. Bg5 {[%emt 0:00:11]} h6 {[%emt 0:01:53]} 5. Bxf6 {[%emt 0:00:14]} Qxf6 {[%emt 0:00:03]} 6. Nbd2 {[%emt 0:00:46]} d5 {[%emt 0:02:39]} 7. Ne5 {[%emt 0:09:14]} Bd6 {[%emt 0:01:30]} 8. f4 {[%emt 0:01:33]} Qh4+ {[%emt 0:22:11]} 9. g3 {[%emt 0:00:09]} Qh5 {[%emt 0:00:05]} 10. Qa4+ {[%emt 0:08:08]} Nd7 {[%emt 0:18:46]} 11. Ndf3 {[%emt 0:09:42]} c6 {[%emt 0:04:23]} 12. Bg2 {[%emt 0:14:52]} O-O {[%emt 0:05:36]} 13. e3 {[%emt 0:05:31]} a5 {[%emt 0:08:57]} 14. O-O {[%emt 0:00:21]} Nxe5 {[%emt 0:01:31]} 15. Nxe5 {[%emt 0:04:21]} Qe2 {[%emt 0:15:10]} 16. Rf2 {[%emt 0:00:16]} Qxe3 {[%emt 0:00:29]} 17. Nf3 {[%emt 0:00:40]} Qd3 {[%emt 0:00:17]} 18. Bf1 {[%emt 0:07:47]} b5 {[%emt 0:00:05]} 19. Bxd3 {[%emt 0:02:23]} bxa4 {[%emt 0:00:03]} 20. a3 {[%emt 0:00:13]} Rb8 {[%emt 0:03:07]} 21. Re1 {[%emt 0:06:38]} c5 {[%emt 0:00:28]} 22. dxc5 {[%emt 0:00:49]} Bxc5 {[%emt 0:00:02]} 23. Nd4 {[%emt 0:00:07]} Bd7 {[%emt 0:00:40]} 24. Kg2 {[%emt 0:00:24]} Bxd4 {[%emt 0:06:02]} 25. cxd4 {[%emt 0:00:04]} Rb3 {[%emt 0:00:08]} 26. Bf1 {[%emt 0:02:12]} Rc8 {[%emt 0:03:14]} 27. Rd2 {[%emt 0:00:06]} Kf7 {[%emt 0:00:11]} 28. Bd3 {[%emt 0:01:38]} Rcb8 {[%emt 0:00:44]} 29. Ree2 {[%emt 0:00:04]} Rxd3 {[%emt 0:02:38]} 30. Rxd3 {[%emt 0:00:04]} Bb5 {[%emt 0:00:06]} 31. Rdd2 {[%emt 0:00:07]} Bxe2 {[%emt 0:00:02]} 32. Rxe2 {[%emt 0:00:15]} Rb3 {[%emt 0:00:05]} 33. Rd2 {[%emt 0:00:04]} g5 {[%emt 0:00:25]} 34. Kf2 {[%emt 0:00:57]} Kg6 {[%emt 0:01:02]} 35. Re2 {[%emt 0:00:15]} Kf6 {[%emt 0:00:02]} 36. Rd2 {[%emt 0:00:05]} g4 {[%emt 0:03:03]} 37. Kg2 {[%emt 0:02:54]} h5 {[%emt 0:00:03]} 38. h4 {[%emt 0:00:35]} Ke7 {[%emt 0:00:53]} 39. Kf2 {[%emt 0:00:12]} Kd6 {[%emt 0:00:24]} 40. Kg2 {[%emt 0:00:00]} Re3 {[%emt 0:00:00]} 41. Kf2 {[%emt 0:00:52]} Re4 {[%emt 0:04:40]} 42. Rd3 {[%emt 0:09:00]} Kc6 {[%emt 0:00:03]} 43. Rc3+ {[%emt 0:00:11]} Kb7 {[%emt 0:00:14]} 44. Rc5 {[%emt 0:00:54]} Rxd4 {[%emt 0:00:43]} 45. Rxa5 {[%emt 0:00:24]} Rd2+ {[%emt 0:00:18]} 46. Kf1 {[%emt 0:00:44]} Rxb2 {[%emt 0:00:12]} 47. Rxa4 {[%emt 0:00:04]} Ra2 {[%emt 0:00:23]} 48. Kg1 {[%emt 0:00:15]} Kb6 {[%emt 0:00:19]} 49. Ra8 {[%emt 0:00:07]} d4 {[%emt 0:00:41]} 50. Kf1 {[%emt 0:00:33]} Kc5 {[%emt 0:00:12]} 51. Ra5+ {[%emt 0:00:16]} Kc4 {[%emt 0:00:23]} 52. Re5 {[%emt 0:00:05]} Rxa3 {[%emt 0:02:11]} 0-1

[Event "ROU-chT 1st League 2019"]
[Site "Mamaia"]
[Date "2019.09.26"]
[Round "6.27"]
[White "Mateuta, Gabriel"]
[Black "Oltean, Liviu-Ioan"]
[Result "1-0"]
[WhiteElo "2514"]
[BlackElo "2313"]
[Annotator "ChessBase"]
[PlyCount "118"]
[EventDate "2019.09.21"]
[EventType "team-tourn"]
[EventCountry "ROU"]
[SourceTitle "playchess.com"]
[Source "ChessBase"]
[SourceQuality "1"]
[TimeControl "40/5400+30:1800+30"]

1. d4 {[%emt 0:00:00]} Nf6 {[%emt 0:00:05]} 2. Nf3 {[%emt 0:00:18]} c5 {[%emt 0:02:21]} 3. d5 {[%emt 0:00:21]} d6 {[%emt 0:00:11]} 4. Nc3 {[%emt 0:00:32]} g6 {[%emt 0:04:48]} 5. e4 {[%emt 0:00:52]} Bg7 {[%emt 0:00:11]} 6. Bb5+ {[%emt 0:00:13]} Bd7 {[%emt 0:00:44]} 7. a4 {[%emt 0:00:08]} O-O {[%emt 0:00:27]} 8. O-O {[%emt 0:03:55]} a6 {[%emt 0:07:35]} 9. Be2 {[%emt 0:00:48]} Bg4 {[%emt 0:00:22]} 10. Nd2 {[%emt 0:01:05]} Bxe2 {[%emt 0:00:33]} 11. Qxe2 {[%emt 0:00:07]} Nbd7 {[%emt 0:00:11]} 12. a5 {[%emt 0:00:54]} Ne8 {[%emt 0:07:41]} 13. Nc4 {[%emt 0:01:44]} Nc7 {[%emt 0:00:38]} 14. Na4 {[%emt 0:05:39]} Nb5 {[%emt 0:07:20]} 15. c3 {[%emt 0:00:47]} e5 {[%emt 0:08:35]} 16. dxe6 {[%emt 0:25:18]} fxe6 {[%emt 0:00:14]} 17. Nab6 {[%emt 0:00:14]} Nxb6 18. Nxb6 {[%emt 0:00:08]} Rb8 {[%emt 0:04:33]} 19. Be3 {[%emt 0:00:47]} Qe7 {[%emt 0:06:28]} 20. Rad1 {[%emt 0:01:11]} Rf7 {[%emt 0:02:59]} 21. Qc4 {[%emt 0:20:21]} Re8 {[%emt 0:00:47]} 22. Rd2 {[%emt 0:01:38]} Qc7 {[%emt 0:02:03]} 23. Qe2 {[%emt 0:05:59]} Qc6 {[%emt 0:05:11]} 24. Qg4 {[%emt 0:02:55]} Be5 {[%emt 0:18:23]} 25. Nc4 {[%emt 0:01:49]} Bg7 {[%emt 0:04:49]} 26. Rfd1 {[%emt 0:00:42]} Bf8 {[%emt 0:00:13]} 27. h4 {[%emt 0:01:17]} e5 {[%emt 0:01:53]} 28. Nb6 {[%emt 0:02:57]} Bg7 {[%emt 0:00:24]} 29. f3 {[%emt 0:02:32]} Qc7 {[%emt 0:03:38]} 30. Bg5 {[%emt 0:01:43]} h5 {[%emt 0:01:20]} 31. Qh3 {[%emt 0:03:00]} Kh7 {[%emt 0:02:01]} 32. Nc4 {[%emt 0:04:04]} Bf8 {[%emt 0:00:24]} 33. Nb6 {[%emt 0:00:53]} Qc6 {[%emt 0:02:21]} 34. Qg3 {[%emt 0:02:35]} Re6 {[%emt 0:02:00]} 35. Qf2 {[%emt 0:00:30]} Nc7 {[%emt 0:03:03]} 36. Qe2 {[%emt 0:03:20]} Qb5 {[%emt 0:00:29]} 37. Qc4 {[%emt 0:03:22]} Qxc4 {[%emt 0:02:01]} 38. Nxc4 {[%emt 0:00:02]} Nb5 {[%emt 0:00:16]} 39. Kf2 {[%emt 0:00:19]} Kg7 {[%emt 0:00:54]} 40. Ke2 {[%emt 0:00:00]} Rc7 {[%emt 0:00:00]} 41. Nb6 {[%emt 0:01:43]} Re8 {[%emt 0:02:51]} 42. Kd3 {[%emt 0:01:06]} Rc6 {[%emt 0:02:39]} 43. Kc2 {[%emt 0:00:41]} Kf7 {[%emt 0:02:01]} 44. g4 {[%emt 0:01:54]} Nc7 {[%emt 0:03:28]} 45. Nc4 {[%emt 0:02:23]} Nb5 {[%emt 0:02:14]} 46. Kb3 {[%emt 0:06:56]} Ke6 {[%emt 0:05:46]} 47. Rd5 {[%emt 0:07:25]} Rc7 {[%emt 0:05:07]} 48. gxh5 {[%emt 0:00:35]} gxh5 {[%emt 0:00:04]} 49. f4 {[%emt 0:00:05]} exf4 {[%emt 0:11:13]} 50. Bxf4 {[%emt 0:00:13]} Rh7 {[%emt 0:00:22]} 51. Bxd6 {[%emt 0:03:43]} Bxd6 {[%emt 0:00:15]} 52. Nxd6 {[%emt 0:00:07]} Nxd6 {[%emt 0:00:06]} 53. Rxd6+ {[%emt 0:00:04]} Ke5 {[%emt 0:00:11]} 54. Rd7 {[%emt 0:03:22]} Rxd7 {[%emt 0:01:05]} 55. Rxd7 {[%emt 0:00:01]} Kxe4 {[%emt 0:00:04]} 56. Rxb7 {[%emt 0:00:08]} Kd5 {[%emt 0:00:09]} 57. c4+ {[%emt 0:02:45]} Kd4 {[%emt 0:00:08]} 58. Rd7+ {[%emt 0:00:07]} Ke3 {[%emt 0:00:11]} 59. Rd5 {[%emt 0:00:21]} Re7 1-0

[Event "ROU-chT 1st League 2019"]
[Site "Mamaia"]
[Date "2019.09.26"]
[Round "6.28"]
[White "Talu, Mircea"]
[Black "Filip, Lucian-Ioan"]
[Result "1/2-1/2"]
[WhiteElo "2288"]
[BlackElo "2419"]
[Annotator "NA"]
[PlyCount "30"]
[EventDate "2019.09.21"]
[EventType "team-tourn"]
[EventCountry "ROU"]
[SourceTitle "playchess.com"]
[Source "ChessBase"]
[SourceQuality "1"]
[TimeControl "40/5400+30:1800+30"]

1. d4 {[%emt 0:00:00]} e6 {[%emt 0:00:00]} 2. c4 {[%emt 0:00:00]} Nf6 {[%emt 0:00:00]} 3. g3 {[%emt 0:00:00]} c5 {[%emt 0:00:02]} 4. d5 {[%emt 0:00:01]} exd5 {[%emt 0:00:04]} 5. cxd5 {[%emt 0:00:05]} d6 {[%emt 0:00:01]} 6. Nc3 {[%emt 0:00:09]} g6 {[%emt 0:00:03]} 7. Bg2 {[%emt 0:00:05]} Bg7 {[%emt 0:00:05]} 8. Nf3 {[%emt 0:00:06]} O-O {[%emt 0:00:03]} 9. O-O {[%emt 0:00:07]} Re8 {[%emt 0:00:03]} 10. Nd2 {[%emt 0:16:46]} b6 {[%emt 0:00:23]} 11. Re1 {[%emt 0:06:12]} Ba6 {[%emt 0:14:50]} 12. Qa4 {[%emt 0:10:18]} Bd3 {[%emt 0:25:10]} 13. Nc4 {[%emt 0:14:16]} Bxc4 {[%emt 0:07:18]} 14. Qxc4 {[%emt 0:00:08]} a6 {[%emt 0:00:02]} 15. Qh4 {[%emt 0:01:11]} Nbd7 {[%emt 0:18:52]} 1/2-1/2

[Event "ROU-chT 1st League 2019"]
[Site "Mamaia"]
[Date "2019.09.26"]
[Round "6.29"]
[White "Secheres, Adrian-Simion"]
[Black "Helmer, Janos"]
[Result "1-0"]
[WhiteElo "2397"]
[BlackElo "1990"]
[Annotator "NA"]
[PlyCount "65"]
[EventDate "2019.09.21"]
[EventType "team-tourn"]
[EventCountry "ROU"]
[SourceTitle "playchess.com"]
[Source "ChessBase"]
[SourceQuality "1"]
[TimeControl "40/5400+30:1800+30"]

1. d4 {[%emt 0:00:27]} Nf6 {[%emt 0:00:00]} 2. c4 {[%emt 0:00:12]} d6 {[%emt 0:01:10]} 3. Nc3 {[%emt 0:00:12]} g6 {[%emt 0:00:23]} 4. e4 {[%emt 0:00:12]} Bg7 {[%emt 0:00:06]} 5. Be2 {[%emt 0:00:35]} O-O {[%emt 0:02:49]} 6. Bg5 {[%emt 0:00:10]} Nbd7 {[%emt 0:03:23]} 7. Qd2 {[%emt 0:01:06]} c6 {[%emt 0:05:54]} 8. Nf3 {[%emt 0:03:29]} e5 {[%emt 0:04:16]} 9. O-O {[%emt 0:03:41]} Re8 {[%emt 0:08:06]} 10. d5 {[%emt 0:02:57]} Nc5 {[%emt 0:02:49]} 11. Qc2 {[%emt 0:00:33]} a5 {[%emt 0:00:24]} 12. Nd2 {[%emt 0:07:12]} Bd7 {[%emt 0:06:40]} 13. Rac1 {[%emt 0:05:17]} Rb8 {[%emt 0:05:16]} 14. a3 {[%emt 0:10:34]} cxd5 {[%emt 0:04:51]} 15. cxd5 {[%emt 0:01:42]} a4 {[%emt 0:04:37]} 16. Nb5 {[%emt 0:11:37]} Bf8 {[%emt 0:03:26]} 17. Be3 {[%emt 0:10:23]} Rc8 {[%emt 0:04:49]} 18. Bxc5 {[%emt 0:02:49]} Rxc5 {[%emt 0:03:14]} 19. Qxa4 {[%emt 0:00:14]} Qb6 {[%emt 0:01:25]} 20. Rxc5 {[%emt 0:01:32]} Qxc5 {[%emt 0:00:10]} 21. Bd3 {[%emt 0:02:24]} Rc8 {[%emt 0:09:18]} 22. Nb3 {[%emt 0:11:44]} Qb6 {[%emt 0:01:11]} 23. Qb4 {[%emt 0:03:15]} Nxe4 {[%emt 0:03:12]} 24. Qxe4 {[%emt 0:00:48]} f5 {[%emt 0:01:53]} 25. Qb4 {[%emt 0:02:20]} e4 {[%emt 0:01:11]} 26. Be2 {[%emt 0:02:34]} Rc2 {[%emt 0:01:12]} 27. N3d4 {[%emt 0:01:26]} Rc5 {[%emt 0:02:09]} 28. Nc3 {[%emt 0:01:05]} Qa7 {[%emt 0:02:08]} 29. Bb5 {[%emt 0:00:56]} Bc8 {[%emt 0:02:10]} 30. Ne6 {[%emt 0:02:48]} Bxe6 {[%emt 0:00:50]} 31. dxe6 {[%emt 0:00:01]} Be7 {[%emt 0:00:36]} 32. Qd4 {[%emt 0:01:53]} Qb6 {[%emt 0:01:54]} 33. Be8 {[%emt 0:01:39]} 1-0

[Event "ROU-chT 1st League 2019"]
[Site "Mamaia"]
[Date "2019.09.26"]
[Round "6.30"]
[White "Bobocea, Laurentiu-Vlad"]
[Black "Ognean, Mihnea-Ionut"]
[Result "1/2-1/2"]
[WhiteElo "1921"]
[BlackElo "2285"]
[Annotator "NA"]
[PlyCount "77"]
[EventDate "2019.09.21"]
[EventType "team-tourn"]
[EventCountry "ROU"]
[SourceTitle "playchess.com"]
[Source "ChessBase"]
[SourceQuality "1"]
[TimeControl "40/5400+30:1800+30"]

1. d4 {[%emt 0:00:00]} Nf6 {[%emt 0:00:00]} 2. c4 {[%emt 0:00:00]} e6 {[%emt 0:00:00]} 3. Nc3 {[%emt 0:00:00]} Bb4 {[%emt 0:00:04]} 4. Qc2 {[%emt 0:00:00]} d5 {[%emt 0:00:13]} 5. a3 {[%emt 0:00:01]} Bxc3+ {[%emt 0:00:10]} 6. Qxc3 {[%emt 0:00:05]} Ne4 {[%emt 0:00:23]} 7. Qc2 {[%emt 0:00:06]} c5 {[%emt 0:00:07]} 8. dxc5 {[%emt 0:00:06]} Nc6 {[%emt 0:00:32]} 9. Nf3 {[%emt 0:00:07]} Qa5+ {[%emt 0:00:28]} 10. Bd2 {[%emt 0:00:05]} Qxc5 {[%emt 0:00:20]} 11. e3 {[%emt 0:00:04]} Nxd2 {[%emt 0:00:20]} 12. Nxd2 {[%emt 0:00:12]} Bd7 {[%emt 0:00:26]} 13. b4 {[%emt 0:02:01]} Qe7 {[%emt 0:00:04]} 14. Be2 {[%emt 0:04:58]} O-O {[%emt 0:01:00]} 15. O-O {[%emt 0:00:47]} Rac8 {[%emt 0:05:33]} 16. Qb2 {[%emt 0:05:31]} Rfd8 {[%emt 0:05:10]} 17. Rfd1 {[%emt 0:07:22]} Be8 {[%emt 0:02:36]} 18. Rac1 {[%emt 0:03:21]} d4 {[%emt 0:07:52]} 19. Nf3 {[%emt 0:10:44]} dxe3 {[%emt 0:00:48]} 20. fxe3 {[%emt 0:00:09]} f6 {[%emt 0:06:07]} 21. c5 {[%emt 0:17:27]} a6 {[%emt 0:10:15]} 22. Qb3 {[%emt 0:10:53]} Bf7 {[%emt 0:01:45]} 23. Bc4 {[%emt 0:01:05]} e5 {[%emt 0:03:39]} 24. Nd2 {[%emt 0:06:36]} Bxc4 {[%emt 0:02:43]} 25. Nxc4 {[%emt 0:04:36]} Qe6 {[%emt 0:01:52]} 26. Qc2 {[%emt 0:03:35]} Rxd1+ {[%emt 0:08:51]} 27. Rxd1 {[%emt 0:00:06]} Rd8 {[%emt 0:00:08]} 28. Rxd8+ {[%emt 0:02:13]} Nxd8 {[%emt 0:00:03]} 29. Qe4 {[%emt 0:07:55]} g6 {[%emt 0:08:52]} 30. Nd6 {[%emt 0:07:55]} f5 {[%emt 0:01:20]} 31. Qh4 {[%emt 0:00:16]} Nf7 {[%emt 0:01:22]} 32. Nxf7 {[%emt 0:03:45]} Qxf7 {[%emt 0:00:05]} 33. Qd8+ {[%emt 0:00:37]} Kg7 {[%emt 0:00:16]} 34. Qd6 {[%emt 0:01:29]} e4 {[%emt 0:01:33]} 35. a4 {[%emt 0:00:58]} Qb3 {[%emt 0:01:49]} 36. Qe7+ {[%emt 0:00:36]} Kh6 {[%emt 0:00:13]} 37. Qh4+ {[%emt 0:00:07]} Kg7 {[%emt 0:00:04]} 38. Qe7+ {[%emt 0:00:04]} Kh6 {[%emt 0:00:04]} 39. Qh4+ 1/2-1/2

[Event "ROU-chT 1st League 2019"]
[Site "Mamaia"]
[Date "2019.09.27"]
[Round "7.1"]
[White "Oltean, Dorel"]
[Black "Kuzubov, Yuriy"]
[Result "0-1"]
[WhiteElo "2333"]
[BlackElo "2636"]
[Annotator "ChessBase"]
[PlyCount "46"]
[EventDate "2019.09.21"]
[EventType "team-tourn"]
[EventCountry "ROU"]
[SourceTitle "playchess.com"]
[Source "ChessBase"]
[SourceQuality "1"]
[TimeControl "40/5400+30:1800+30"]

1. Nf3 {[%emt 0:00:00]} d5 {[%emt 0:00:00]} 2. g3 {[%emt 0:00:16]} Bg4 {[%emt 0:02:49]} 3. Ne5 {[%emt 0:07:16]} Bf5 {[%emt 0:02:39]} 4. c4 {[%emt 0:02:27]} Nd7 {[%emt 0:02:22]} 5. Nxd7 {[%emt 0:01:01]} Qxd7 {[%emt 0:00:05]} 6. Qb3 {[%emt 0:06:48]} c6 {[%emt 0:01:15]} 7. cxd5 {[%emt 0:00:24]} Be4 {[%emt 0:00:16]} 8. f3 {[%emt 0:04:51]} Bxd5 {[%emt 0:00:06]} 9. Qc2 {[%emt 0:00:08]} e5 {[%emt 0:01:09]} 10. Bg2 {[%emt 0:03:23]} f5 {[%emt 0:02:27]} 11. O-O {[%emt 0:08:43]} Nf6 {[%emt 0:01:17]} 12. d3 {[%emt 0:04:34]} h5 {[%emt 0:05:04]} 13. e4 {[%emt 0:10:51]} Be6 {[%emt 0:00:19]} 14. Be3 {[%emt 0:00:10]} h4 {[%emt 0:01:01]} 15. Nd2 {[%emt 0:11:09]} hxg3 {[%emt 0:00:32]} 16. hxg3 {[%emt 0:00:15]} f4 {[%emt 0:14:20]} 17. gxf4 {[%emt 0:14:06]} exf4 {[%emt 0:00:04]} 18. Bxf4 {[%emt 0:00:22]} Nh5 {[%emt 0:07:25]} 19. Be5 {[%emt 0:11:57]} Bd6 {[%emt 0:01:03]} 20. Bxd6 {[%emt 0:04:56]} Qxd6 {[%emt 0:00:07]} 21. Nc4 {[%emt 0:00:04]} Bxc4 {[%emt 0:01:33]} 22. Qxc4 {[%emt 0:01:58]} Nf4 {[%emt 0:01:00]} 23. Rf2 {[%emt 0:03:03]} O-O-O {[%emt 0:00:26]} 0-1

[Event "ROU-chT 1st League 2019"]
[Site "Mamaia"]
[Date "2019.09.27"]
[Round "7.2"]
[White "Baklan, Vladimir"]
[Black "Florescu, Codrut-Constantin"]
[Result "1-0"]
[WhiteElo "2604"]
[BlackElo "2286"]
[Annotator "TA"]
[PlyCount "101"]
[EventDate "2019.09.21"]
[EventType "team-tourn"]
[EventCountry "ROU"]
[SourceTitle "playchess.com"]
[Source "ChessBase"]
[SourceQuality "1"]

{[%evp 15,101,20,33,19,27,-15,0,-27,0,-10,-21,-23,16,0,29,0,52,31,35,0,64,33,35,24,21,29,21,23,23,23,24,37,31,49,49,50,62,74,77,61,53,53,53,53,53,48,53,52,61,52,79,79,172,69,68,70,108,58,176,158,149,169,347,310,779,347,347,347,347,347,339,338,338,84,84,84,82,81,81,81,81,80,80,77,399,397,29978,29979]} 1. e4 c5 2. Nf3 e6 3. d4 cxd4 4. Nxd4 Nc6 5. Nc3 a6 6. g3 Qc7 7. Bg2 Nf6 8. O-O Be7 9. Nxc6 {B47: Sicilian: Taimanov: 5 Nc3 Qc7 6 f4, 6 g3 and 6 Be2} (9. Re1 O-O 10. Nxc6 dxc6 11. e5 Rd8 12. Qf3 Nd5 13. h4 Bd7 14. Bg5 Bxg5 15. hxg5 Nxc3 16. Qxc3 Be8 17. Rad1 a5 18. a3 Rab8 19. Qc5 b6 20. Qe3 c5 {1-0 (60) Wang,H (2726)-Andreikin,D (2721) China 2019}) 9... dxc6 10. f4 e5 11. f5 {The position is equal.} h5 12. a4 $146 ({Predecessor:} 12. h3 Bc5+ 13. Kh1 Bd7 14. Qe2 O-O-O 15. Na4 Bd4 16. c3 Ba7 {1-0 (41) Lujan,C (2349)-Terao,J (2154) Sao Paulo 2010}) 12... a5 13. Bf3 Qb6+ 14. Kg2 g6 15. Qd3 (15. Bg5 {seems wilder.} Bd7 16. Qe2 h4 17. Bxh4 Qxb2 18. Qd3) 15... Qa6 (15... Bd7 $11) 16. Qxa6 Rxa6 17. Be3 Ng4 ({Black should try} 17... gxf5 $11 18. exf5 Bxf5) 18. Bg1 (18. Bd2 {looks sharper.} O-O 19. Be2 Ra8 20. h3 Rd8 21. Bc1) 18... gxf5 19. exf5 Bxf5 20. Bxc6+ Rxc6 21. Rxf5 f6 $1 22. h3 Nh6 23. Rxh5 Bb4 24. Rf1 Bxc3 25. bxc3 Nf7 26. Rxh8+ Nxh8 $14 {[%mdl 4096] Endgame KRB-KRN} 27. c4 Rxc4 28. Rxf6 Nf7 29. h4 Rxa4 30. Rb6 Ra2 31. Rxb7 Rxc2+ 32. Kh3 Rc1 33. Be3 Rc4 (33... Nd6 $16) 34. Ra7 (34. h5 $1 $18) 34... a4 35. h5 {aiming for h6.} Re4 36. Bf2 Kf8 (36... Rc4 $14) 37. Bc5+ $18 Kg8 38. Be7 Rc4 $2 (38... Rd4 39. Ra8+ Kg7) 39. g4 $1 e4 $2 (39... Rc3+ 40. Kh4 Rc4) 40. Bf6 (40. Ra8+ $142 Kh7 41. g5) 40... e3 {[#]} 41. Ra8+ $1 Kh7 42. g5 Nxg5+ 43. Bxg5 {Threatening mate with Bf6. KRB-KR} Rc5 44. Ra7+ $2 (44. Bxe3 Rxh5+ 45. Kg4 Re5 $14) (44. Kg4 $18 {is more deadly. Intending Bf6 and mate.} Rc4+ 45. Kf3) 44... Kg8 $16 45. Kg4 {White threatens h6 and mate.} (45. Rxa4 $6 Rxg5 46. Re4 Rxh5+ 47. Kg4 Rh1 $11) 45... Re5 46. Bh4 {Black must now prevent h6.} (46. Rxa4 e2 $11) 46... e2 47. Be1 ({Reject} 47. Rxa4 e1=Q $11) 47... Rc5 48. h6 {Threatens to win with Re7.} ({Much worse is} 48. Rxa4 Rc1 $11) 48... a3 49. Rxa3 Kh7 $2 {[%mdl 8192] [#]} (49... Rc1 $16 {is a better chance.}) 50. Bd2 $1 $18 e1=Q $2 (50... Rc4+ $18 51. Kf3 e1=N+ 52. Ke2 (52. Bxe1 Kxh6 53. Bd2+ Kg7 $14) 52... Nc2 53. Ra7+ Kh8) 51. Ra7+ {Accuracy: White = 53%, Black = 39%.} ({Not} 51. Bxe1 Kxh6 52. Ra6+ Kg7 $14) 1-0

[Event "ROU-chT 1st League 2019"]
[Site "Mamaia"]
[Date "2019.09.27"]
[Round "7.3"]
[White "Oltean, Liviu-Ioan"]
[Black "Rogozenco, Dorian"]
[Result "1/2-1/2"]
[WhiteElo "2313"]
[BlackElo "2491"]
[Annotator "ChessBase"]
[PlyCount "71"]
[EventDate "2019.09.21"]
[EventType "team-tourn"]
[EventCountry "ROU"]
[SourceTitle "playchess.com"]
[Source "ChessBase"]
[SourceQuality "1"]
[TimeControl "40/5400+30:1800+30"]

1. e4 {[%emt 0:00:00]} c5 {[%emt 0:00:00]} 2. Nf3 {[%emt 0:00:11]} Nc6 {[%emt 0:00:00]} 3. Bb5 {[%emt 0:01:35]} e6 {[%emt 0:00:52]} 4. O-O {[%emt 0:00:47]} Nge7 {[%emt 0:00:22]} 5. Re1 {[%emt 0:03:34]} Ng6 {[%emt 0:04:35]} 6. c3 {[%emt 0:08:27]} a6 {[%emt 0:10:01]} 7. Bf1 {[%emt 0:01:43]} Be7 {[%emt 0:02:27]} 8. d4 {[%emt 0:00:47]} cxd4 {[%emt 0:00:28]} 9. cxd4 {[%emt 0:00:12]} d5 {[%emt 0:00:06]} 10. e5 {[%emt 0:12:43]} O-O {[%emt 0:00:45]} 11. Nc3 {[%emt 0:00:57]} Bd7 {[%emt 0:00:47]} 12. Bd3 {[%emt 0:04:54]} Rc8 {[%emt 0:06:37]} 13. Be3 {[%emt 0:06:24]} Na5 {[%emt 0:04:53]} 14. Qe2 {[%emt 0:03:14]} Nc4 {[%emt 0:03:45]} 15. Rec1 {[%emt 0:09:42]} f5 {[%emt 0:15:10]} 16. exf6 {[%emt 0:03:05]} gxf6 {[%emt 0:00:22]} 17. Bh6 {[%emt 0:01:59]} Re8 {[%emt 0:00:53]} 18. Nh4 {[%emt 0:05:11]} f5 {[%emt 0:04:33]} 19. Nf3 {[%emt 0:02:51]} Bf6 {[%emt 0:01:56]} 20. Rd1 {[%emt 0:12:20]} Nd6 {[%emt 0:10:41]} 21. Rac1 {[%emt 0:04:19]} Nf7 {[%emt 0:10:45]} 22. Qd2 {[%emt 0:01:37]} Qb6 {[%emt 0:05:30]} 23. Be3 {[%emt 0:00:53]} Kh8 {[%emt 0:01:52]} 24. Bb1 {[%emt 0:02:32]} Qd6 {[%emt 0:00:52]} 25. Ne2 {[%emt 0:01:13]} Qf8 {[%emt 0:02:46]} 26. Nf4 {[%emt 0:01:34]} Nxf4 {[%emt 0:00:31]} 27. Bxf4 {[%emt 0:00:14]} Qg7 {[%emt 0:00:08]} 28. Rxc8 {[%emt 0:05:14]} Rxc8 {[%emt 0:00:05]} 29. Re1 {[%emt 0:00:42]} Rg8 {[%emt 0:00:46]} 30. g3 {[%emt 0:00:36]} Rc8 {[%emt 0:06:13]} 31. Kg2 {[%emt 0:01:55]} Kg8 {[%emt 0:02:15]} 32. a3 {[%emt 0:02:05]} Rc4 {[%emt 0:02:00]} 33. Ne5 {[%emt 0:01:39]} Nxe5 {[%emt 0:02:01]} 34. Bxe5 {[%emt 0:00:04]} Bxe5 {[%emt 0:00:10]} 35. Rxe5 {[%emt 0:00:08]} Qg4 {[%emt 0:00:12]} 36. f4 {[%emt 0:00:27]} 1/2-1/2

[Event "ROU-chT 1st League 2019"]
[Site "Mamaia"]
[Date "2019.09.27"]
[Round "7.4"]
[White "Manolache, Marius"]
[Black "Talu, Mircea"]
[Result "1-0"]
[WhiteElo "2548"]
[BlackElo "2288"]
[Annotator "RC"]
[PlyCount "85"]
[EventDate "2019.09.21"]
[EventType "team-tourn"]
[EventCountry "ROU"]
[SourceTitle "playchess.com"]
[Source "ChessBase"]
[SourceQuality "1"]
[TimeControl "40/5400+30:1800+30"]

1. d4 {[%emt 0:00:00]} Nf6 {[%emt 0:00:00]} 2. c4 {[%emt 0:00:00]} e6 {[%emt 0:00:00]} 3. Nc3 {[%emt 0:00:00]} Bb4 {[%emt 0:00:00]} 4. e3 {[%emt 0:00:00]} O-O {[%emt 0:00:04]} 5. Bd2 {[%emt 0:01:14]} b6 {[%emt 0:00:55]} 6. Bd3 {[%emt 0:04:57]} Bb7 {[%emt 0:02:21]} 7. Nge2 {[%emt 0:02:41]} c5 {[%emt 0:06:21]} 8. a3 {[%emt 0:08:28]} Bxc3 {[%emt 0:00:13]} 9. Bxc3 {[%emt 0:00:21]} Ne4 {[%emt 0:17:38]} 10. Bxe4 {[%emt 0:01:48]} Bxe4 {[%emt 0:00:11]} 11. dxc5 {[%emt 0:03:12]} bxc5 {[%emt 0:04:08]} 12. Qd6 {[%emt 0:00:14]} Nc6 {[%emt 0:04:42]} 13. Rd1 {[%emt 0:05:18]} Qb6 {[%emt 0:01:54]} 14. Qg3 {[%emt 0:05:33]} e5 {[%emt 0:06:18]} 15. O-O {[%emt 0:10:39]} Qc7 {[%emt 0:01:26]} 16. Rd2 {[%emt 0:09:25]} d6 {[%emt 0:02:25]} 17. Rfd1 {[%emt 0:09:31]} Rfd8 {[%emt 0:01:16]} 18. h4 {[%emt 0:04:16]} Bf5 {[%emt 0:06:47]} 19. Nf4 {[%emt 0:00:58]} Ne7 {[%emt 0:07:52]} 20. Nh5 {[%emt 0:06:44]} Ng6 {[%emt 0:05:34]} 21. Qg5 {[%emt 0:06:04]} Be6 {[%emt 0:01:52]} 22. f4 {[%emt 0:00:22]} f6 {[%emt 0:13:36]} 23. Qg3 {[%emt 0:00:07]} Kh8 {[%emt 0:00:51]} 24. e4 {[%emt 0:01:42]} Bxc4 {[%emt 0:09:32]} 25. f5 {[%emt 0:00:08]} Nf8 {[%emt 0:00:07]} 26. Ba5 {[%emt 0:02:29]} Qf7 {[%emt 0:01:02]} 27. Bxd8 {[%emt 0:00:39]} Rxd8 {[%emt 0:00:11]} 28. Qg4 {[%emt 0:00:35]} Bb3 {[%emt 0:01:08]} 29. Rc1 {[%emt 0:00:18]} c4 {[%emt 0:00:45]} 30. Rc3 {[%emt 0:00:30]} a5 {[%emt 0:02:06]} 31. Rd5 {[%emt 0:00:38]} Qa7+ {[%emt 0:00:37]} 32. Kh2 {[%emt 0:00:15]} a4 {[%emt 0:02:09]} 33. Rg3 {[%emt 0:03:29]} c3 {[%emt 0:00:41]} 34. Ra5 {[%emt 0:00:38]} Qf7 {[%emt 0:01:42]} 35. Rxc3 {[%emt 0:00:21]} d5 {[%emt 0:00:33]} 36. exd5 {[%emt 0:00:40]} g6 {[%emt 0:00:06]} 37. Ng3 {[%emt 0:00:26]} Rxd5 {[%emt 0:00:06]} 38. Rxd5 {[%emt 0:00:41]} Qxd5 {[%emt 0:00:06]} 39. Rc8 {[%emt 0:00:25]} Qf7 {[%emt 0:00:59]} 40. h5 {[%emt 0:00:00]} g5 {[%emt 0:00:00]} 41. h6 {[%emt 0:03:54]} Kg8 {[%emt 0:02:48]} 42. Qb4 {[%emt 0:00:18]} Bd5 {[%emt 0:00:09]} 43. Qd6 {[%emt 0:00:27]} 1-0